| 000 | 01029cab a2200205 4500 | ||
|---|---|---|---|
| 001 | ##L133586 | ||
| 008 | 060522n2006 000 0 eng u | ||
| 035 | _a(Sirsi) u133586 | ||
| 041 | 0 | _aeng | |
| 100 | 1 | _aHoward, Paul | |
| 245 | 0 | 4 | _aThe HAVs and HAV nots |
| 260 | _c2006 | ||
| 490 | 0 |
_aContract Journal _v433(6575) 17 May 2006, 46-49(4) |
|
| 520 | _aNew research suggests that there is a widespread lack of knowledge in the construction industry both about the physical consequences of Hand-Arm Vibration and of the Control of Vibration at Work regulations 2005. This article examines the reasons behind this lack of awareness, and what can be done to rectify the situation. A second article, "Why steel is a safe bet", looks at the safety systems in the constructional steelwork sector which have helped make it one of the safest in the industry. | ||
| 590 | _aIKA230506 | ||
| 650 | 2 | 4 | _aCONTROL OF VIBRATION AT WORK REGULATIONS 2005 |
| 651 | 4 |
_aUnited Kingdom _y |
|
| 690 |
_aHealth and safety _96244 |
||
| 942 | _n0 | ||
| 999 |
_c77093 _d77093 |
||